=LDR 00000nam 2200000 4500 =001 INLIS000000000027257 =005 20130612125638 =008 ***********************************Ind** =035 ##$$0010-061300000027257 =041 ##$$a Ind =082 ##$$a 746.4 =090 ##$$a 746.4, Bus t =100 ##$$a Busra, A.J =245 ##$$a Teknik menyulam aneka bunga, A.J Boesra ; penyunting, Ida Ayu Maruti =260 ##$$a 2007 $b Jakarta =300 ##$$a vii, 47 hlm, ilus, 21 cm =650 ##$$a Menyulam =850 ##$$a NBPNMAT